The spendour of Mathura : (Record no. 134636)

MARC details
000 -LEADER
fixed length control field 00767nam a22002417a 4500
005 - DATE AND TIME OF LATEST TRANSACTION
control field 20170124110231.0
010 ## - LIBRARY OF CONGRESS CONTROL NUMBER
LC control number A-680604
020 ## - INTERNATIONAL STANDARD BOOK NUMBER
Terms of availability 550.00
International Standard Book Number 8124600155
035 ## - SYSTEM CONTROL NUMBER
System control number A-680604
037 ## - SOURCE OF ACQUISITION
Source of stock number/acquisition Cen Lib/Ret
040 ## - CATALOGING SOURCE
Original cataloging agency DPL
Language of cataloging EN
082 ## - DEWEY DECIMAL CLASSIFICATION NUMBER
Classification number 730.954
Item number SHA
100 ## - MAIN ENTRY--PERSONAL NAME
Personal name Sharma, R.C.
9 (RLIN) 22382
245 ## - TITLE STATEMENT
Title The spendour of Mathura :
Statement of responsibility, etc by R.C. Sharma
Remainder of title art and museum /
260 ## - PUBLICATION, DISTRIBUTION, ETC. (IMPRINT)
Place of publication, distribution, etc New Delhi
Name of publisher, distributor, etc D.K. printwords
Date of publication, distribution, etc 1993
270 ## - ADDRESS
City New Delhi
Address H-12, Bali Nagar
Postal code 110015
300 ## - PHYSICAL DESCRIPTION
Extent 211p.:
Dimensions 24cm(Hb)
Other physical details ill.
490 ## - SERIES STATEMENT
Series statement Perspective in Indian art and archaeology
500 ## - GENERAL NOTE
General note Includes bibliographical references and index
650 ## - SUBJECT ADDED ENTRY--TOPICAL TERM
Topical term or geographic name as entry element Antiquities
9 (RLIN) 19751
650 ## - SUBJECT ADDED ENTRY--TOPICAL TERM
Topical term or geographic name as entry element Sculpture
Geographic subdivision Mathurā
9 (RLIN) 41276
942 ## - ADDED ENTRY ELEMENTS (KOHA)
Source of classification or shelving scheme Dewey Decimal Classification
Koha item type English Books
Classification part 730.954
Call number suffix SHA
Holdings
Withdrawn status Lost status Damaged status Not for loan Collection code Home library Current library Date acquired Source of acquisition Cost, normal purchase price Total Checkouts Full call number Barcode Date last seen Copy number Cost, replacement price Price effective from Koha item type
      Not For Loan Reference Central Library Central Library 30/07/2015 Cen Lib/Ret 550.00   730.954 SHA A-680604 30/07/2015 1 550.00 30/07/2015 English Books

© Delhi Public Library
Hit Counter
free hit counter